An Essay on Man : An Introduction to a Philosophy of Human Culture /
Ernst Cassirer (1874-1945), filósofo alemán, expone que el hombre a diferencia del animal utiliza símbolos que le permiten configurar el mundo cultural, de forma tal que la manifestación del espíritu humano se da dentro de ese sistema de símbolos expresado fundamentalmente en el ámbito del lenguaje,...
Guardat en:
| Autor principal: | |
|---|---|
| Format: | Llibre |
| Idioma: | anglès |
| Publicat: |
Nueva York, EUA
Anchor Books,
fecha no identificada
|
| Col·lecció: | (Anchor Books ;
A3) |
| Matèries: | |
| Etiquetes: |
Sense etiquetes, Sigues el primer a etiquetar aquest registre!
|
MARC
| LEADER | 00000nam^a2200000^a^4500 | ||
|---|---|---|---|
| 001 | 000269265 | ||
| 005 | 20250521000000.0 | ||
| 009 | 20260310110919.889 | ||
| 037 | |a Acervo Xavier Clavigero | ||
| 041 | |a ING | ||
| 082 | |a 128. |b CAS | ||
| 100 | |a Cassirer, Ernst |e (autor) | ||
| 240 | 1 | 1 | |a [Antropología filosófica: introducción a una filosofía de la cultura] |
| 245 | 1 | 3 | |a An Essay on Man : |b An Introduction to a Philosophy of Human Culture / |c E. Cassirer. |
| 264 | 1 | |a Nueva York, EUA |b Anchor Books, |c fecha no identificada | |
| 300 | |a 294 p. | ||
| 336 | |a texto |b txt |2 rdacontenido | ||
| 337 | |a sin mediación |b n |2 rdamedio | ||
| 338 | |a volumen |b nc |2 rdasoporte | ||
| 440 | 1 | |a (Anchor Books ; |v A3) | |
| 520 | |a Ernst Cassirer (1874-1945), filósofo alemán, expone que el hombre a diferencia del animal utiliza símbolos que le permiten configurar el mundo cultural, de forma tal que la manifestación del espíritu humano se da dentro de ese sistema de símbolos expresado fundamentalmente en el ámbito del lenguaje, del mito, la religión, el arte y la ciencia. Desde esta perspectiva indaga sobre la pregunta por el hombre y su relación con la cultura. | ||
| 649 | |a XX | ||
| 650 | |a Antropología Filosófica - |x Tema Principal | ||
| 650 | |a Antropología Cultural | ||
| 650 | |a Sociología de la Cultura | ||
| 650 | |a Filosofía del Siglo XX | ||
| 650 | |a Filosofía Alemana | ||
| 910 | |a Fondo General | ||
| 920 | |a Impresos - Libros | ||
| 930 | |a Colección General | ||
| 905 | |a 101 | ||
| 901 | |a 000136 |b IT1 |c ACC |u 20250521 | ||
| 902 | |a https://opac.biblio.iteso.mx/vufind/Record/000269265 | ||